| 000 | 00818cam a2200289 i 4500 | ||
|---|---|---|---|
| 001 | 4675184 | ||
| 003 | OSt | ||
| 005 | 20140310182117.0 | ||
| 008 | 801107s1980 gw abf 000 0ager | ||
| 010 | _a 80506372 | ||
| 015 | _aGFR80-A | ||
| 020 | _a9783548227788 | ||
| 040 |
_aDLC _cDLC _dDLC |
||
| 043 | _an-usp-- | ||
| 050 | 0 | 0 |
_aF 852.2 _b.J65 1992 |
| 082 | 0 | 0 |
_aHS 979.5 _b.J58 1992 |
| 100 | 1 |
_aJohann, A. E., _d1901- _913783 |
|
| 245 | 1 | 0 |
_aWestwärts nach Oregon : _bReisen durchs unbekannte Amerika / _cA. E. Johann. |
| 260 |
_aFrankfurt/M; Berlin : _bUllstein, _cc1992. |
||
| 300 |
_a316 p, : _bill, ; _c18 cm. |
||
| 541 | _j1 | ||
| 562 | _e1 | ||
| 600 | 1 | 0 |
_aJohann, A. E., _d1901- _913784 |
| 650 | 0 |
_aOregon. _913785 |
|
| 906 |
_a7 _bcbc _corignew _d4 _encip _f19 _gy-gencatlg |
||
| 942 |
_2lcc _cHS |
||
| 999 |
_c9479 _d9479 |
||